000 00357nam a22001337a 4500
020 _a9781111640125
082 _a005.8
_bCIA
100 _aCiampa, Mark
245 _aSecurity+ Guide to Network Security Fundamentals /
_cMark Ciampa
250 _84th Edition.
260 _bCengage Learning,
_c2011.
300 _axxvi, 608p. ;
942 _2ddc
_cBK
999 _c615076
_d615076